00753nam a2200217Ia 4500008004100000020001800041050001600059050002000075245005100095245003700146260001700183260002100200260000900221300001600230300002000246300001100266650005500277650005700332999001900389952012700408160418s9999 xx 000 0 und d a971-725-070-7 aFIL PL 5517 b.P34P3 2001 c.3 aPagbasa at pagsulat sa iba't ibang disiplina / cCarmelita S. Lorenzo… [et al]. aMakati City: bGrandwater Pub., c2001 a266 pages : billustrations ; c22 cm. aFilipino language -- Study and teaching (Higher).  xFilipino language -- Rhetoric -- Study and teaching. c293429d293429 001040aSMCbSMCcFILd2005-03-07g176.00l0oFIL PL 5517 .P34P3 2001 c.3pSMC01721r2016-04-18 00:00:00w2016-04-18yBK